Państwa słowiańskie - nagła śmierć - Statystyki

Ogólne statystyki
  • Ten quiz został rozwiązany 222 razy
  • Średni wynik to 6 z 13
Answers on the Grid
Answers color-coded by a green-red scale on the quiz's grid according to % correct below.
Czechy
Rumunia
Estonia
Bułgaria
Bośnia i Hercegowina
Albania
Kosowo
Niemcy
Serbia
Mołdawia
Rosja
Ukraina
Węgry
Mongolia
Polska
Słowacja
Austria
Turcja
Słowenia
Grecja
Chorwacja
Cypr
Białoruś
Litwa
Łotwa
Macedonia Północna
Szwecja
Czarnogóra
 
Statystyki odpowiedzi
Odpowiedź % Poprawnych
Czechy
84%
Polska
59%
Rosja
55%
Ukraina
55%
Bułgaria
53%
Słowacja
47%
Białoruś
44%
Bośnia i Hercegowina
44%
Serbia
43%
Słowenia
41%
Chorwacja
40%
Macedonia Północna
27%
Czarnogóra
25%
Nie znaleziono quizów pasujących do podanych kryteriów
Rozkład punktacji
Procent ludzi z każdym wynikiem
Percentyl według liczby udzielonych odpowiedzi
Twoja historia wyników
Nie rozwiązałeś tego quizu